书目信息 |
| 题名: |
简明中国革命史辞典
|
|
| 作者: | 谢树森 主编 | |
| 分册: | ||
| 出版信息: | 长沙 湖南大学出版社 1986.8 |
|
| 页数: | 236页 | |
| 开本: | 20cm | |
| 丛书名: | ||
| 单 册: | ||
| 中图分类: | K25-61 | |
| 科图分类: | ||
| 主题词: | 中国--历史--1840~1949--词典 | |
| 电子资源: | ||
| ISBN: | ||
| 000 | 00594nam0 2200205 45 | |
| 001 | 0312221749 | |
| 005 | 20050419162307.1 | |
| 010 | @dCNY2.70 | |
| 091 | @a11412.5 | |
| 100 | @a20031222d1986 km y0chiy0120 ea | |
| 101 | @achi | |
| 105 | @a z 000yy | |
| 200 | 1 | @a简明中国革命史辞典@AJian Ming Zhong Guo Ge Ming Shi Ci Dian@f谢树森主编@FXie Shu Sen Zhu Bian |
| 210 | @a长沙@c湖南大学出版社@d1986.8 | |
| 215 | @a236页@d20cm | |
| 606 | 0 | @a中国@x历史@z1840~1949@x词典 |
| 690 | @aK25-61@v3 | |
| 701 | 0 | @a谢树森@4主编 |
| 801 | @aCN@bTSTCL@c20031222 | |
| 905 | @dK25-61@e69@b167225@f1 | |
| 简明中国革命史辞典/谢树森主编.-长沙:湖南大学出版社,1986.8 |
| 236页;20cm |
| ISBN :CNY2.70 |
| ● |
| 相关链接 |
|
|
|
|
正题名:简明中国革命史辞典
索取号:K25-61/69
 
预约/预借
| 序号 | 登录号 | 条形码 | 馆藏地/架位号 | 状态 | 备注 |
| 1 | 0167224 | 000570242 | 第二借阅区/ [索取号:K25-61/69] | 在馆 | |
| 2 | 0167225 | 002033436 | 第二借阅区/ [索取号:K25-61/69] | 在馆 | |
| 3 | 0167226 | 000570171 | 第二样本阅览室/ [索取号:K25-61/69] | 在馆 |